<?xml version="1.0" encoding="UTF-8"?>
<record
    xmlns:xsi="http://www.w3.org/2001/XMLSchema-instance"
    xsi:schemaLocation="http://www.loc.gov/MARC21/slim http://www.loc.gov/standards/marcxml/schema/MARC21slim.xsd"
    xmlns="http://www.loc.gov/MARC21/slim">

  <leader>01331nam2a2200289   4500</leader>
  <controlfield tag="001">RU\NLR\bibl\1658420</controlfield>
  <controlfield tag="005">20250616040201.0</controlfield>
  <datafield tag="010" ind1=" " ind2=" ">
    <subfield code="a">978-5-9539-4586-8</subfield>
    <subfield code="9">20000</subfield>
  </datafield>
  <datafield tag="021" ind1=" " ind2=" ">
    <subfield code="a">RU</subfield>
    <subfield code="b">2010-47812</subfield>
    <subfield code="9">3174</subfield>
  </datafield>
  <datafield tag="021" ind1=" " ind2=" ">
    <subfield code="a">RU</subfield>
    <subfield code="b">2010-75904</subfield>
    <subfield code="9">5052</subfield>
  </datafield>
  <datafield tag="035" ind1=" " ind2=" ">
    <subfield code="a">(NLR Aleph) 001649718</subfield>
  </datafield>
  <datafield tag="090" ind1=" " ind2=" ">
    <subfield code="a">914011</subfield>
    <subfield code="c">914011</subfield>
  </datafield>
  <datafield tag="100" ind1=" " ind2=" ">
    <subfield code="a">20100726d2010    |||y0rusy50      ca</subfield>
  </datafield>
  <datafield tag="101" ind1="1" ind2=" ">
    <subfield code="a">rus</subfield>
    <subfield code="c">ita</subfield>
  </datafield>
  <datafield tag="102" ind1=" " ind2=" ">
    <subfield code="a">RU</subfield>
  </datafield>
  <datafield tag="105" ind1=" " ind2=" ">
    <subfield code="a">a   |||||||||</subfield>
  </datafield>
  <datafield tag="200" ind1="1" ind2=" ">
    <subfield code="a">&#x41A;&#x43D;&#x438;&#x433;&#x430; &#x441;&#x443;&#x434;&#x44C;&#x431;&#x44B;</subfield>
    <subfield code="f">[&#x43F;&#x435;&#x440;. &#x441; &#x438;&#x442;&#x430;&#x43B;. &#x415;&#x43B;&#x435;&#x43D;&#x44B; &#x414;&#x43C;&#x438;&#x442;&#x440;&#x438;&#x435;&#x432;&#x43E;&#x439;]</subfield>
  </datafield>
  <datafield tag="210" ind1=" " ind2=" ">
    <subfield code="d">2010</subfield>
    <subfield code="a">&#x411;. &#x43C;.</subfield>
  </datafield>
  <datafield tag="215" ind1=" " ind2=" ">
    <subfield code="a">93, [2] c.</subfield>
    <subfield code="c">&#x446;&#x432;. &#x438;&#x43B;.</subfield>
  </datafield>
  <datafield tag="300" ind1=" " ind2=" ">
    <subfield code="a">&#x41D;&#x430;&#x437;&#x432;. &#x43D;&#x430; &#x44F;&#x437;. &#x43E;&#x440;&#x438;&#x433;.: Il libro del destino</subfield>
  </datafield>
  <datafield tag="454" ind1=" " ind2="0">
    <subfield code="1">2001#$aIl libro del destino</subfield>
    <subfield code="t">Il libro del destino</subfield>
  </datafield>
  <datafield tag="461" ind1=" " ind2="0">
    <subfield code="1">001RU\NLR\bibl\1660295</subfield>
    <subfield code="1">2001#$a&#x421;&#x435;&#x43A;&#x440;&#x435;&#x442; &#x43F;&#x43E;&#x442;&#x435;&#x440;&#x44F;&#x43D;&#x43D;&#x43E;&#x433;&#x43E; &#x43A;&#x43E;&#x440;&#x43E;&#x43B;&#x435;&#x432;&#x441;&#x442;&#x432;&#x430;$v[&#x427;.] 5</subfield>
    <subfield code="9">925219</subfield>
    <subfield code="c">&#x41C;&#x43E;&#x441;&#x43A;&#x432;&#x430;</subfield>
    <subfield code="d">2010</subfield>
    <subfield code="f">&#x43F;&#x435;&#x440;. &#x441; &#x438;&#x442;&#x430;&#x43B;. &#x415;&#x43B;&#x435;&#x43D;&#x44B; &#x421;&#x430;&#x439;&#x433;&#x430;&#x444;&#x430;&#x440;&#x43E;&#x432;&#x43E;&#x439;]</subfield>
    <subfield code="n">&#x42D;&#x433;&#x43C;&#x43E;&#x43D;&#x442; &#x420;&#x43E;&#x441;&#x441;&#x438;&#x44F; &#x41B;&#x442;&#x434;.</subfield>
    <subfield code="o">&#x43F;&#x43E; &#x43C;&#x443;&#x43B;&#x44C;&#x442;&#x444;&#x438;&#x43B;&#x44C;&#x43C;&#x443; &#x418;&#x434;&#x436;&#x438;&#x43D;&#x438;&#x43E; &#x421;&#x442;&#x440;&#x430;&#x444;&#x444;&#x438; : [&#x434;&#x43B;&#x44F; &#x434;&#x435;&#x442;&#x435;&#x439; &#x441;&#x440;&#x435;&#x434;&#x43D;&#x435;&#x433;&#x43E; &#x438; &#x441;&#x442;&#x430;&#x440;&#x448;&#x435;&#x433;&#x43E; &#x448;&#x43A;&#x43E;&#x43B;&#x44C;&#x43D;&#x43E;&#x433;&#x43E; &#x432;&#x43E;&#x437;&#x440;&#x430;&#x441;&#x442;&#x430; : &#x432; 10 &#x447;.</subfield>
    <subfield code="t">&#x421;&#x435;&#x43A;&#x440;&#x435;&#x442; &#x43F;&#x43E;&#x442;&#x435;&#x440;&#x44F;&#x43D;&#x43D;&#x43E;&#x433;&#x43E; &#x43A;&#x43E;&#x440;&#x43E;&#x43B;&#x435;&#x432;&#x441;&#x442;&#x432;&#x430;</subfield>
    <subfield code="y">978-5-9539-4590-5</subfield>
    <subfield code="v">[&#x427;.] 5</subfield>
  </datafield>
  <datafield tag="801" ind1=" " ind2="0">
    <subfield code="a">RU</subfield>
    <subfield code="b">NLR</subfield>
    <subfield code="c">20100726</subfield>
    <subfield code="g">RCR</subfield>
  </datafield>
  <datafield tag="801" ind1=" " ind2="1">
    <subfield code="a">RU</subfield>
    <subfield code="b">NLR</subfield>
    <subfield code="c">20100726</subfield>
  </datafield>
  <datafield tag="942" ind1=" " ind2=" ">
    <subfield code="c">BOOK</subfield>
  </datafield>
  <datafield tag="980" ind1=" " ind2=" ">
    <subfield code="a">NB</subfield>
  </datafield>
  <datafield tag="995" ind1=" " ind2=" ">
    <subfield code="5">2010-07-26</subfield>
    <subfield code="a">ad</subfield>
    <subfield code="b">NLR01</subfield>
    <subfield code="c">NLR01</subfield>
    <subfield code="e">RF8</subfield>
    <subfield code="f">3219397</subfield>
    <subfield code="k">2010-6/1091</subfield>
    <subfield code="o">0</subfield>
    <subfield code="r">BOOK</subfield>
    <subfield code="s">201061091_</subfield>
  </datafield>
  <datafield tag="995" ind1=" " ind2=" ">
    <subfield code="5">2010-07-26</subfield>
    <subfield code="a">ad</subfield>
    <subfield code="b">NLR01</subfield>
    <subfield code="c">NLR01</subfield>
    <subfield code="e">OBM</subfield>
    <subfield code="f">3219398</subfield>
    <subfield code="o">0</subfield>
    <subfield code="r">BOOK</subfield>
  </datafield>
  <datafield tag="995" ind1=" " ind2=" ">
    <subfield code="5">2010-11-08</subfield>
    <subfield code="a">ad</subfield>
    <subfield code="b">NLR01</subfield>
    <subfield code="c">NLR01</subfield>
    <subfield code="e">OBM</subfield>
    <subfield code="f">3283955</subfield>
    <subfield code="o">0</subfield>
    <subfield code="r">BOOK</subfield>
  </datafield>
  <datafield tag="995" ind1=" " ind2=" ">
    <subfield code="5">2010-11-08</subfield>
    <subfield code="a">ad</subfield>
    <subfield code="b">NLR01</subfield>
    <subfield code="c">NLR01</subfield>
    <subfield code="e">OBM</subfield>
    <subfield code="f">3283961</subfield>
    <subfield code="o">0</subfield>
    <subfield code="r">BOOK</subfield>
  </datafield>
</record>
